|
|
|
|
| LEADER |
01065nam a2200289 4500 |
| 001 |
c000321873 |
| 003 |
CARM |
| 005 |
00000000000000.0 |
| 008 |
741009s1974 ne b 00100 eng |
| 015 |
|
|
|a Ne***
|
| 019 |
1 |
|
|a 343090
|5 LACONCORD2021
|
| 020 |
|
|
|a 9024715547
|
| 035 |
|
|
|a (OCoLC)1094160
|5 LACONCORD2021
|
| 043 |
|
|
|a e------
|a e-fr---
|
| 050 |
0 |
0 |
|a D621.F8
|b F37
|
| 100 |
1 |
|
|a Farrar, Marjorie Milbank.
|
| 245 |
1 |
0 |
|a Conflict and compromise;
|b the strategy, politics and diplomacy of the French blockade, 1914-1918.
|
| 260 |
|
|
|a The Hague,
|b Martinus Nijhoff,
|c 1974.
|
| 300 |
|
|
|a 224 p.
|c 24 cm.
|
| 504 |
|
|
|a Bibliography: p. [199]-206.
|
| 650 |
|
0 |
|a World War, 1914-1918
|x Diplomatic history.
|
| 650 |
|
0 |
|a World War, 1914-1918
|z France.
|
| 650 |
|
0 |
|a World War, 1914-1918
|x Blockades.
|
| 852 |
8 |
|
|b CARM
|h A1:AN01F0
|i C09597
|p 0409225
|f BK
|
| 082 |
0 |
4 |
|a 940.3/22/44
|
| 999 |
f |
f |
|i 1923e846-b975-5200-a114-50acbc4a5405
|s 33185553-985a-59e6-a9d8-672e7e577d8e
|
| 952 |
f |
f |
|p Can circulate
|a CAVAL
|b CAVAL
|c CAVAL
|d CARM 1 Store
|e C09597
|f A1:AN01F0
|h Other scheme
|i book
|m 0409225
|